| 000 | 00586pam a2200181 a 4500 | ||
|---|---|---|---|
| 020 | _a0070400105 (alk. paper) | ||
| 082 | 0 | 0 |
_a620.0042 _bMAN _cD |
| 100 | 1 |
_aMansfield, Scott, _947188 |
|
| 245 | 1 | 0 |
_aEngineering design for process facilities / _cScott Mansfield. |
| 260 |
_aNew York : _bMcGraw-Hill, _cc1993. |
||
| 300 |
_axii, 369 p. : _bill. ; _c29 cm. |
||
| 526 |
_a0 _b0 _c0 _d620_004200000000000_MAN |
||
| 650 | 0 |
_aEngineering design. _919438 |
|
| 650 | 0 |
_aIndustrial engineering. _935793 |
|
| 650 | 0 |
_aNUST / MCE _926909 |
|
| 650 | 0 |
_aProduction management. _91879 |
|
| 942 |
_2ddc _cBK |
||
| 999 |
_c550485 _d550485 |
||